Estudio de las dinámicas de gestión y aprovechamiento social de los recursos naturales: el caso de las comunidades de San Miguel y Cariblanco Cuenca Río Sarapiquí

Esta investigación presenta el análisis de las dinámicas de gestión y aprovechamiento social de los recursos naturales, así como sus transformaciones. Para este estudio se abordaron los casos de las comunidades de Cariblanco y San Miguel, en la cuenca del Río Sarapiquí, Costa Rica. Las mismas, se ca...

Полное описание

Сохранить в:
Библиографические подробности
Главный автор: Alvarez M, Roy
Другие авторы: Jiménez C, Ricardo
Формат: Диссертация
Предметы:
Метки: Добавить метку
Нет меток, Требуется 1-ая метка записи!

MARC

LEADER 00000 a a2200000 04500
001 31368
003
040
090 |a 19816.00  
100 |a Alvarez M, Roy  
245 |a Estudio de las dinámicas de gestión y aprovechamiento social de los recursos naturales: el caso de las comunidades de San Miguel y Cariblanco Cuenca Río Sarapiquí   |a Roy Alvarez M  
300 |a 383 páginas   |b il.   |b mapáginas  
502 |a Tesis (Licenciatura en Sociología) -- Universidad de Costa Rica. Facultad de Ciencias Sociales. Escuela de Sociología y Antropología. Departamento de Sociología, 2004  
520 |a Esta investigación presenta el análisis de las dinámicas de gestión y aprovechamiento social de los recursos naturales, así como sus transformaciones. Para este estudio se abordaron los casos de las comunidades de Cariblanco y San Miguel, en la cuenca del Río Sarapiquí, Costa Rica. Las mismas, se caracterizan por ser comunidades rurales, con fuertes carencias en materia de desarrollo. Su mayor problema lo constituye la profunda escasez de empleo, la cual contribuye considerablemente, a acentuar los procesos migratorios de la zona, repercutiendo así, en su capacidad organizativa y en las posibilidades de los vecinos de conformar propuestas de desarrollo. En este sentido, el estudio abordó la caracterización de estas comunidades, con el fin de construir un escenario que permitiera definir el tipo de dinámicas de gestión social de recursos naturales que realizan los sujetos sociales, a la vez que, se buscó ubicar los elementos que las impulsan u condicionan. A partir de esta elaboración, se ofrece un análisis que comprende las transformaciones que experimentan las comunidades sobre sus dinámicas, a partir del proceso de implementación del proyecto hidroeléctrico Cariblanco. Asimismo, el estudio describe las implicaciones y significaciones comunales derivadas de dicho contexto  
650 |a RECURSOS NATURALES  
650 |a RECURSOS HIDRICOS  
650 |a RECURSOS ENERGETICOS  
650 |a UTILIZACION DE LOS RECURSOS  
650 |a ADMNISTRACION DE RECURSOS  
650 |a MEDIO SOCIAL  
650 |a MEDIO AMBIENTE  
650 |a DESARROLLO SOSTENIBLE  
650 |a TEORIA  
650 |a COMUNIDADES RURALES  
650 |a CONDICIONES ECONOMICAS  
650 |a CONDICIONES SOCIALES  
650 |a PROYECTOS DE DESARROLLO  
650 |a CENTRALES HIDROELECTRICAS  
650 |a INVERSION  
650 |a COMUNIDADES RURALES  
650 |a POBLACION OCUPADA  
650 |a PRODUCCION AGROPECUARIA  
650 |a OBSTACULOS AL DESARROLLO  
650 |a RIOS  
650 |a COMERCIO  
700 |a Jiménez C, Ricardo  
999 |c 18069  |d 18069